| 000 | 00639cab a2200217 4500 | ||
|---|---|---|---|
| 001 | WB3007-30 | ||
| 008 | 090401t1994 xxu||||| |||| 00| 0 eng d | ||
| 035 | _a(Sirsi) u71585 | ||
| 041 | _aeng | ||
| 245 | _aCompulsory indemnity insurance | ||
| 260 | _c1994 | ||
| 350 | _a0 | ||
| 490 |
_aBuilding Design _v(1159) 11 February 1994, 6(1) |
||
| 520 | _aThe RIBA is likely to introduce compulsory professional indemnity insurance. | ||
| 650 | _aPROFESSIONAL INDEMNITY INSURANCE | ||
| 650 | _aRIBA | ||
| 690 |
_aINSURANCE _96249 |
||
| 690 | _aMANAGEMENT-BUSINESS MANAGEMENT-PROFESSIONAL PRACTICE | ||
| 942 | _n0 | ||
| 948 | _c04/03/1997 | ||
| 999 |
_c45152 _d45152 |
||